000 00721 a2200217 4500
010 _aENG-89995
020 _a8186340742
_c620.00
035 _aEN-73528
037 _bDBAD / PUB
082 1 4 _a004
090 _c12120
_d12120
100 1 _aBasandra, Suresh K.
245 1 _aComputers today /
_cby Suresh K. Basandra
250 _arev. ed
260 _aNew Delhi
_bGalgotia Publications
_c2008
270 _a5, Ansari Road, Darya Ganj
_bNew Delhi
_cDelhi
_e110002
300 _aLxi, 1440p.
_c28 cm. (Pbk)
500 _aIncludes glossary, bibliographical references & index
942 _adpl
_cEN
_k004 / BAS
999 _c11766
_d11766